Programovanie A - zbierka prednášok (učebná pomôcka na programovanie v jazyku C)

Enregistré dans:
Détails bibliographiques
Auteur principal: Hanák, Ján
Collectivité auteur: Ekonomická univerzita v Bratislave. Fakulta hospodárskej informatiky
Format: Livre
Langue:slovaque
Publié: Bratislava Vydavateľstvo EKONÓM 2008
Sujets:
Tags: Ajouter un tag
Pas de tags, Soyez le premier à ajouter un tag!

MARC

LEADER 00000nam$a2200000$$$4500
001 0070902
005 20240502071840.9
020 |a 978-80-225-2446-9 
041 0 |a slo 
044 |a SK 
245 1 0 |a Programovanie A - zbierka prednášok  |b (učebná pomôcka na programovanie v jazyku C)  |c Ján Hanák 
264 1 |a Bratislava  |b Vydavateľstvo EKONÓM  |c 2008 
300 |a [164] s. 
610 2 0 |a programovanie 
610 2 0 |a jazyky programovacie 
610 2 0 |a využitie počítačov 
610 2 0 |a počítače 
100 1 |a Hanák, Ján 
710 2 |a Ekonomická univerzita v Bratislave. Fakulta hospodárskej informatiky